| 000 | 01757nam0a2200313 4500 | ||
|---|---|---|---|
| 001 | RU\NLR\bibl\1331626 | ||
| 005 | 20260407044719.0 | ||
| 010 | _a5-98371-042-7 | ||
| 035 | _a(NLR Aleph) 001316854 | ||
| 090 |
_a714650 _c714650 |
||
| 100 | _a20090220d2008 |||y0rusy50 ca | ||
| 101 | 0 | _arus | |
| 102 | _aRU | ||
| 105 | _ay ||||||||| | ||
| 200 | 1 |
_aГигиенические нормативы химических веществ в окружающей среде _e[справочник] _fРос. акад. мед. наук, ГУ "НИИ экологии человека и гигиены окружающей среды им. А.Н. Сысина" РАМН, Рос. акад. естеств. наук, ГУ ВПО "Санкт-Петерб. гос. мед. акад. им. И.И. Мечникова" _gпод общ. ред. акад. РАМН, проф. Ю.А. Рахманина и проф. В.В. Семеновой |
|
| 205 | _a4-е изд., доп. и перераб. | ||
| 210 |
_aСанкт-Петербург _cПрофессионал _d2008 |
||
| 215 |
_a766, [1] с. _d30 |
||
| 606 | 1 |
_aОкружающая среда _xЗагрязнение химическими веществами _xГигиеническое нормирование _91797643 _3RU\NLR\auth\66809653 |
|
| 686 | _aР121.102-2 | ||
| 702 | 1 |
_aРахманина _bЮ. А. _f1937- _gЮрий Анатольевич _4340 |
|
| 712 | 0 | 2 |
_4570 _aНИИ экологии человека и гигиены окружающей среды им. А. Н. Сысина _cМосква _3RU\NLR\AUTH\8810017401 _9532643 |
| 801 | 0 |
_aRU _bNLR _c20090220 _gRCR |
|
| 801 | 1 |
_aRU _bNLR _c20090220 |
|
| 942 | _cBOOK | ||
| 980 | _aNB | ||